Catalog

Record Details

Catalog Search



Autismus ve školní praxi  Cover Image Book Book

Autismus ve školní praxi / [autoři Eva Sroková, Pavla Olšáková]

Sroková, Eva (Author). Olšáková, Pavla (Author).

Record details

  • ISBN: 80-7225-144-9 (brož.) :
  • Physical Description: 47 s. : il. ; 30 cm
  • Publisher: Ostrava : Montanex, 2004

Content descriptions

Bibliography, etc. Note:
Obsahuje bibliografii
Subject: autismus
autistické děti
výchova a vzdělávání
speciální pedagogika
Genre: informační publikace

Available copies

  • 1 of 1 copy available at Common Catalog SPOK.

Holds

  • 0 current holds with 1 total copy.
Show Only Available Copies
Location Call Number / Copy Notes Barcode Shelving Location Status Due Date
Jabok Library PeS-5.6/S 424480025898 Odborná literatura Available -

LDR 01594nam a2200421 a 4500
00116212
003CZ-PrJAB
00520200321082727.0
007ta
008080627s2004 xr |||||||||||||0|||cze
015 . ‡acnb001490030
020 . ‡a80-7225-144-9 (brož.) : ‡cKč 149,00
035 . ‡a(CONS)16212
035 . ‡a(CZ PrSKC)000639867
040 . ‡aKLG001 ‡bcze ‡dHKA001
072 7. ‡a376 ‡xVýchova a vzdělávání zvláštních skupin osob ‡2Konspekt ‡922
080 . ‡a616.89-008.45 ‡2MRF
080 . ‡a316.344.6-056.36-053.2 ‡2MRF
1001 . ‡aSroková, Eva ‡7mzk2004249143 ‡4aut
24510. ‡aAutismus ve školní praxi / ‡c[autoři Eva Sroková, Pavla Olšáková]
260 . ‡aOstrava : ‡bMontanex, ‡c2004
300 . ‡a47 s. : ‡bil. ; ‡c30 cm
4901 . ‡aZe zkušeností pedagogů speciálních škol a zařízení
504 . ‡aObsahuje bibliografii
65007. ‡aautismus ‡7ph118685 ‡2czenas
65007. ‡aautistické děti ‡7ph114095 ‡2czenas
65007. ‡avýchova a vzdělávání ‡7ph127419 ‡2czenas
65007. ‡aspeciální pedagogika ‡7ph116230 ‡2czenas
6530 . ‡aškola
6530 . ‡aautismus ‡aděti postižené ‡avýchova školní ‡avzdělávání ‡apedagogika speciální
655 7. ‡ainformační publikace ‡7fd132454 ‡2czenas
7001 . ‡aOlšáková, Pavla ‡7xx0035692 ‡4aut
830 0. ‡aZe zkušeností pedagogů speciálních škol a zařízení
910 . ‡aABG312
995 . ‡aska
901 . ‡a16212 ‡bCZ-PrJAB ‡c16212 ‡tbiblio

Additional Resources